000 00973cam a22002654a 4500
001 12354223
003 ARRUPE
005 20131023142408.0
008 010321s2001 ilu b 001 0 eng
010 _a 2001024411
020 _a0830826556 (paper : alk. paper)
040 _aDLC
_cDLC
_dDLC
042 _apcc
050 0 0 _aBS1235.2
_b.B584 2001
082 0 0 _a222/.1106
_221
100 1 _aBorgman, Paul,
_d1940-
_92810
245 1 0 _aGenesis :
_bthe story we haven't heard /
_cPaul Borgman.
260 _aDowners Grove, Ill. :
_bInterVarsity Press,
_cc2001.
300 _a252 p. ;
_c22 cm.
504 _aIncludes bibliographical references (p. [242]-244) and indexes
630 0 0 _aBible.
_pGenesis
_xCriticism, interpretation, etc.
_92811
906 _a7
_bcbc
_corignew
_d1
_eocip
_f20
_gy-gencatlg
942 _2lcc
_cMONOGRAPH
999 _c118417
_d118417